DIGITAL LOGIC AND COMPUTER DESIGN (Record no. 567215)
[ view plain ]
| 000 -LEADER | |
|---|---|
| fixed length control field | 00425nam a22001697a 4500 |
| 003 - CONTROL NUMBER IDENTIFIER | |
| control field | NUST |
| 020 ## - INTERNATIONAL STANDARD BOOK NUMBER | |
| International Standard Book Number | 81-297-0703-9 |
| 038 ## - RECORD CONTENT LICENSOR | |
| Staff Name | baig |
| 082 ## - DEWEY DECIMAL CLASSIFICATION NUMBER | |
| Classification number | 621.38153 MAN |
| 100 ## - MAIN ENTRY--PERSONAL NAME | |
| Personal name | MANO, M. MORRIS |
| 9 (RLIN) | 84008 |
| 245 ## - TITLE STATEMENT | |
| Title | DIGITAL LOGIC AND COMPUTER DESIGN |
| 260 ## - PUBLICATION, DISTRIBUTION, ETC. | |
| Place of publication, distribution, etc. | INDIA: |
| Name of publisher, distributor, etc. | PEARSON EDUCATION INDIA, |
| Date of publication, distribution, etc. | 2005. |
| 300 ## - PHYSICAL DESCRIPTION | |
| Extent | XII,612P |
| 563 ## - BINDING INFORMATION | |
| Binding note | pb |
| 650 ## - SUBJECT ADDED ENTRY--TOPICAL TERM | |
| Topical term or geographic name entry element | Digital Logic and Computer Design |
| 9 (RLIN) | 84009 |
| 942 ## - ADDED ENTRY ELEMENTS (KOHA) | |
| Koha item type | Book |
| Source of classification or shelving scheme | |
| Withdrawn status | Lost status | Damaged status | Not for loan | Permanent Location | Current Location | Shelving location | Date acquired | Total Checkouts | Full call number | Barcode | Date last seen | Price effective from | Koha item type |
|---|---|---|---|---|---|---|---|---|---|---|---|---|---|
| College of Electrical & Mechanical Engineering (CEME) | College of Electrical & Mechanical Engineering (CEME) | General Stacks | 07/12/2017 | 621.38153 MAN | CEME-24841-A | 06/28/2021 | 06/28/2021 | Book |
